| 000 | 01308aam a2200325 i 4500 | ||
|---|---|---|---|
| 001 | 768714001 | ||
| 003 | CO-MdFUSB | ||
| 005 | 20260123152955.0 | ||
| 007 | ta | ||
| 008 | 260123t2009 ck |||| |||| 00| 0 spa d | ||
| 020 | _a958-655-379-5 | ||
| 040 | _cCO-MdFUSB | ||
| 041 | 0 | _aspa | |
| 082 | 0 | 4 |
_223 _a808 _bD277a |
| 100 | 1 |
_aDíaz, Álvaro _eautor |
|
| 245 | 1 | 0 |
_aAproximación al texto escrito _c/ Álvaro Díaz |
| 250 | _acuarta edición ampliada | ||
| 264 | 1 |
_bUniversidad de Antioquia, _aMedellín, Colombia : _c[2009] |
|
| 264 | 4 | _c©2009 | |
| 300 |
_a143 páginas _c; 24 cm |
||
| 336 |
_atexto _btxt _2rdacontent |
||
| 337 |
_2rdamedia _asin mediación _bn |
||
| 338 |
_2rdacarrier _avolumen _bnc |
||
| 490 | _aDidáctica y Escritura | ||
| 505 | _aEl texto escrito - El discurso oral y el discurso escrito - Discursos literarios y discursos no literarios - El discurso de los textos informativos - La oración en el texto - Cualidades de un texto escrito - El párrafo como unidad textual - Factores que dificultan el acto de escribir - La composición como proceso - Los mapas de ideas y los procesos lectoescriturales - Estrategias para la enseñanza de la composición | ||
| 563 | _aRústico | ||
| 650 | 7 |
_aAnálisis del discurso narrativo _9413 |
|
| 942 | _cBK | ||
| 945 | _aJTF-925 | ||
| 999 |
_c42477 _d42477 |
||